00572 2200229 4500001002100000005001500021035002500036245004100061260003600102300002600138008004100164082001200205084001400217100001900231650001500250040001700265090001600282850001200298041000800310990001200318990001200330YOGYA00000000004861420180824044146 a0010-0814000000483321 aDe Eeuwige Wijsheid /cAldous Huxley3 a's-Gravenhage :bServire,c1950 a315 halaman ;c24 cm.180824 g 0 dut 04223a110 a110 HUX e1 aHuxley, Aldous 4aMetafisika aYOPDYOGbind aL 110 HUX e aYOPDYOG0 adut a54129-b a54129-b